Miasta w Korei Południowej - Nagła Śmierć - Statystyki

Ogólne statystyki
  • Ten quiz został rozwiązany 40 razy
    6 od ostatniego zresetowania
  • Średni wynik to 8 z 25
Answers on the Grid
Answers color-coded by a green-red scale on the quiz's grid according to % correct below.
Akita
Andong
Ansan
Bucheon
Changwon
Cheongju
Chiang Mai
Czedżu
Daegu
Daejeon
Eumseong
Goyang
Gunsan
Gwangju
Gyeongju
Iksan
Inczon
Jeonju
Jokohama
Kunming
Kusong
Miyazaki
Nagoja
Nankin
Naypyidaw
Phuket
Pjongjang
Pohang
Pusan
Rasŏn
Sendai
Seongnam
Seul
Sokcho
Suwon
Tokio
Ulsan
Władywostok
Wonju
Yeosu
 
Statystyki odpowiedzi
Odpowiedź % Poprawnych
Inczon
80%
Seul
80%
Suwon
80%
Gyeongju
60%
Ulsan
60%
Bucheon
40%
Cheongju
40%
Daegu
40%
Daejeon
40%
Jeonju
40%
Pusan
40%
Andong
20%
Ansan
20%
Changwon
20%
Czedżu
20%
Goyang
20%
Gunsan
20%
Gwangju
20%
Pohang
20%
Seongnam
20%
Sokcho
20%
Wonju
20%
Yeosu
20%
Eumseong
0%
Iksan
0%
Nie znaleziono quizów pasujących do podanych kryteriów
Rozkład punktacji
Procent ludzi z każdym wynikiem
Percentyl według liczby udzielonych odpowiedzi
Twoja historia wyników
Nie rozwiązałeś tego quizu od ostatniego zresetowania